المسجد الأقصى في الإسلام و شروط زوال دولة اليهود المزعومة كما ورد في القرآن الكريم/ (رقم التسجيلة. 25960)

تفاصيل مارك
000 -الفاتح
عناصر البيانات ثابتة الطول 00919cam a2200193 i 4500
005 - تاريخ ووقت آخر معاملة
حقل ضبط 20251221095757.0
008 - عناصر البيانات ثابتة الطول
عناصر البيانات ثابتة الطول 250721s2001 jo gr 000 0 ara d
082 14 - رقم تصنيف ديوي العشري
رقم التصنيف 218.413
رقم المادة ع ز ي
100 1# - مدخل رئيسي – اسم شخصي
الاسم الشخصي العزيزي، "محمد رامز" عبد الفتاح مصطفى
علاقة الشخص بالعمل/ دوره مؤلف.
245 10 - بيان العنوان
العنوان المسجد الأقصى في الإسلام و شروط زوال دولة اليهود المزعومة كما ورد في القرآن الكريم/
بيان المسؤولية بقلم الدكتور "محمد رامز" عبد الفتاح مصطفى العزيزي ؛ مراجعة السيد محمود عواد.
250 ## - بيان الطبعة
بيان الطبعة الطبعة الاولى.
264 31 - بيانات النشر، التوزيع…إلخ
مكان النشر، التوزيع...إلخ عمان :
اسم الناشر، الموزع...إلخ دار الجيل العربي للنشر و التوزيع،
تاريخ النشر، التوزيع...إلخ 2001.
300 ## - الوصف المادي
عدد الوحدات المكونة للوعاء 70صفحة.
650 17 - مدخل إضافي بالموضوع - مصطلح موضوعي
مصطلح موضوعي أو اسم جغرافي كعنصر مدخل المسجد الأقصى.
650 17 - مدخل إضافي بالموضوع - مصطلح موضوعي
مصطلح موضوعي أو اسم جغرافي كعنصر مدخل اليهود.
650 17 - مدخل إضافي بالموضوع - مصطلح موضوعي
مصطلح موضوعي أو اسم جغرافي كعنصر مدخل القرآن الكريم.
942 ## - بيانات إضافية (كوها)
نوع التنصيف Dewey Decimal Classification
نوع المادة (كوها) كتب
المقتنيات
حالة السحب حالة الفقدان مصدر التصنيف حالة التلف غير قابل للإعارة المكتبة الرئيسية المكتبة الحالية موقع الرف تاريخ التزويد الرقم المتسلسل Total Checkouts رقم الإستدعاء تاريخ آخر ظهور تاريخ الفاتورة نوع المادة (كوها) الباركود العملة
    Dewey Decimal Classification Unchecked   المكتبة المركزية المكتبة المركزية الإعارة 06/07/2004 479250   218.413/عزي 28/07/2025 06/07/2004 كتب    
    Dewey Decimal Classification     المكتبة المركزية المكتبة المركزية الإعارة 06/07/2004 479252   218.413/عزي 28/07/2025 06/07/2004 كتب 479252  
    Dewey Decimal Classification     المكتبة المركزية المكتبة المركزية الإعارة 21/12/2025 479254   218.413 / ع ز ي 21/12/2025 21/12/2025 كتب 479254 JOD
    Dewey Decimal Classification     مكتبة أبو علندا العامة مكتبة أبو علندا العامة الإعارة 06/01/2009 479296   218.413/عزي 28/07/2025 06/01/2009 كتب PLD00062583  
    Dewey Decimal Classification Unchecked   مكتبة الاميرة بديعة مكتبة الاميرة بديعة الإعارة 06/07/2004 479295   218.413/عزي 28/07/2025 06/07/2004 كتب    
    Dewey Decimal Classification Unchecked   مكتبة الجويدة مكتبة الجويدة الإعارة 06/07/2004 479291   218.413/عزي 28/07/2025 06/07/2004 كتب    
    Dewey Decimal Classification     مكتبة الحسن العامة مكتبة الحسن العامة الإعارة 06/07/2004 479292   218.413/عزي 28/07/2025 06/07/2004 كتب 479292  
    Dewey Decimal Classification     مكتبة النصر العامة مكتبة النصر العامة الإعارة 28/07/2025 479298   218.413/عزي 28/07/2025 28/07/2025 كتب 479298  
    Dewey Decimal Classification     مكتبة حمزة العامة مكتبة حمزة العامة الإعارة 28/07/2025 479293   218.413/عزي 28/07/2025 28/07/2025 كتب 479293  
    Dewey Decimal Classification     مكتبة صويلح العامة مكتبة صويلح العامة الإعارة 06/07/2004 479288   218.413/عزي 28/07/2025 06/07/2004 كتب 479288  
Implemented & Customized by: BBB with SCIT (Smart Chains for Information Technology)

Powered by Koha